Corvids of Europe with pictures - Statistics

General Stats
  • This quiz has been taken 14 times
  • The average score is 7 of 9
Answer Stats
Picture Answer % Correct
Common Raven (Corvus corax)
100%
Eurasian Magpie (Pica pica)
100%
Carrion Crow (Corvus corone)
89%
Eurasian Jackdaw (Coloeus monedula)
78%
Eurasian Jay (Garrulus glandarius)
78%
Hooded Crow (Corvus cornix)
67%
Red-billed Chough (Pyrrhocorax pyrrhocorax)
67%
Rook (Corvus frugilegus)
67%
Yellow-billed Chough (Pyrrhocorax graculus)
44%
No matching quizzes found
Score Distribution
Percent of People with Each Score
Percentile by Number Answered
Your Score History
You have not taken this quiz